| 000 | 01593cam a22003615a 4500 | ||
|---|---|---|---|
| 003 | EG-ScBUE | ||
| 005 | 20220531104155.0 | ||
| 008 | 120912r20112015enka f 000 0 eng d | ||
| 020 | _a9780194741583 (Level 3) | ||
| 040 |
_aEG-ScBUE _beng _erda _cEG-ScBUE _dEG-ScBUE |
||
| 082 | 0 | 4 |
_a428.24 _bHAR _222 |
| 100 | 1 |
_aHarrison, Richard, _d1947- _eauthor. _919922 |
|
| 245 | 1 | 0 |
_aAcademic skills : _blistening, speaking and study skills, _pStudent's book / _cRichard Harrison ; series editors Liz, John Soars. |
| 246 | 3 | 0 | _aStudent's book |
| 250 | _3Reprinted edition. | ||
| 264 | 1 |
_aOxford, United Kingdom : _bOxford University Press, _c2015. |
|
| 300 |
_a3 volumes : _billustrations ; _c28 cm. |
||
| 336 |
_2rdacontent _atext _btxt |
||
| 337 |
_2rdamedia _aunmediated _bn |
||
| 338 |
_2rdacarrier _avolume _bnc |
||
| 490 | 0 | _aHeadway | |
| 500 | _aFirst published 2011. | ||
| 505 | 0 | _aLevel 1 -- Level 2 -- Level 3. | |
| 520 | _aA four-level, paired skills course that teaches students in higher education the essential skills for academic success. Now with Oxford Online Skills Program to improve reading, writing, listening and speaking. Strands available:Reading, Writing, and Study SkillsListening, Speaking, and Study Skills | ||
| 521 | _aFor B1, B2 learners. | ||
| 590 | _arana | ||
| 650 | 7 |
_aEnglish language _xStudy and teaching (Higher) _xForeign speakers. _2BUEsh |
|
| 653 |
_bHHUUEENN _cAugust2015 _cOctober2015 _cJuly2019 |
||
| 655 |
_vReading book _934232 |
||
| 700 | 1 |
_4Soars, Liz, _d1945- _eeditor. _935074 |
|
| 700 | 1 |
_4Soars, John, _d1951- _eeditor. |
|
| 942 |
_2ddc _cBB |
||
| 999 |
_c16997 _d16969 |
||